logo

Bir Sreshtho Munshi Abdur Rouf Library
Jhenaidah Cadet College

Successful Project Management / (Record no. 14231)

MARC details
000 -LEADER
fixed length control field 00581nam a2200229 a 4500
001 - CONTROL NUMBER
JCCL Control Number 14231
003 - CONTROL NUMBER IDENTIFIER
JCCL marc code BD-JhCC
005 - DATE AND TIME OF LATEST TRANSACTION
control field 20250222092136.0
008 - FIXED-LENGTH DATA ELEMENTS--GENERAL INFORMATION
fixed length control field 171230s2002 ii |||| ||a| 000 0 eng d
020 ## - INTERNATIONAL STANDARD BOOK NUMBER
International Standard Book Number 8175541881
035 ## - SYSTEM CONTROL NUMBER
system control number (BD-JhCC)14231
040 ## - CATALOGING SOURCE
Original cataloging agency BD-JhCC
Modifying agency BD-JhCC
041 ## - LANGUAGE CODE
Language code of Book eng
082 ## - DEWEY DECIMAL CLASSIFICATION NUMBER
Classification number 631
Author mark and Year YOU 2002
100 ## - MAIN ENTRY--PERSONAL NAME
Personal name Young, Trevor L
245 ## - TITLE STATEMENT
Title Successful Project Management /
Statement of responsibility, etc Trevor L Young
260 ## - PUBLICATION, DISTRIBUTION, ETC. (IMPRINT)
Place of publication, distribution, etc India :
Name of publisher, distributor, etc Kogan Page;
Date of publication, distribution, etc 2002.
300 ## - PHYSICAL DESCRIPTION
Pagination 155 p. :
Dimensions 24 cm.
650 ## - SUBJECT ADDED ENTRY--TOPICAL TERM
Topical term or geographic name as entry element Department of Management
942 ## - ADDED ENTRY ELEMENTS (KOHA)
Source of classification or shelving scheme Dewey Decimal Classification
Koha item type Books
Holdings
Source of classification or shelving scheme Damaged status Not for loan Home library Current library Shelving location Date of accession Source of acquisition Cost, normal purchase price Total Checkouts Full call number Barcode Date last seen Copy number Method of acquisition Koha item type Currency
Dewey Decimal Classification     JCC Rouf Library JCC Rouf Library General Stacks   With the compliments of Maj (Retd) Syed Sakhawat Hussain,07/0388/K 140.00   631 YOU 2002 19801 02/22/2025 C-1 Gift/Donation Books BDT

JCC Library | Contacts | JCC Home

Last Update on 23 September 2017
Copyright @ 2017-2020 JCC Rouf Library
Rouf Library, Jhenidah Cadet College (JCC), Bangladesh